[Event "40. Open Ciudad de San Sebastián 2017"]
[Site "San Sebastián ESP"]
[Date "2017.04.12"]
[Round "6.7"]
[White "Urriza Iricibar, Pablo"]
[Black "Jordana Vargas, Julio"]
[Result "1-0"]
[WhiteElo "2228"]
[BlackElo "1957"]
[PlyCount "105"]
[EventDate "2017.04.08"]
[EventType "swiss"]
[EventRounds "9"]
[EventCountry "ESP"]
[SourceTitle "Ajedrez en Madrid"]
[Source "lmi"]
[SourceDate "2017.04.08"]

1. e4 c5 2. Nf3 Nc6 3. Bb5 g6 4. Bxc6 bxc6 5. O-O Bg7 6. Re1 Nf6 7. e5 Nd5 8.
c4 Nc7 9. b3 O-O 10. Bb2 Ne6 11. Nc3 d6 12. Na4 Nf4 13. exd6 exd6 14. Bxg7 Kxg7
15. d4 cxd4 16. Qxd4+ Qf6 17. Rad1 Rd8 18. Nc3 d5 19. Qxf6+ Kxf6 20. g3 Bg4 21.
gxf4 Bxf3 22. Rd3 Bg4 23. cxd5 Bf5 24. Rd2 Rd6 25. f3 cxd5 26. Ne4+ Bxe4 27.
fxe4 Kg7 28. Rxd5 Rxd5 29. exd5 Rd8 30. Rd1 Kf6 31. Kf2 Ke7 32. Ke3 Kd6 33. Rc1
Re8+ 34. Kd4 Re2 35. Rc6+ Kd7 36. Ra6 Rd2+ 37. Kc5 Rc2+ 38. Kd4 Rd2+ 39. Kc4
Rc2+ 40. Kd3 Rxh2 41. Rxa7+ Kd6 42. a4 Kxd5 43. Rxf7 Rh3+ 44. Kc2 h5 45. a5
Rh2+ 46. Kc3 h4 47. Kb4 Rf2 48. Kb5 h3 49. a6 Ke4 50. a7 Ra2 51. Kb6 h2 52. Rh7
Ra3 53. b4 1-0

[Event "40. Open Ciudad de San Sebastián 2017"]
[Site "San Sebastián ESP"]
[Date "2017.04.12"]
[Round "6.8"]
[White "Cinza Lopez, Javier"]
[Black "Guijarro Galan, Jose Luis"]
[Result "0-1"]
[WhiteElo "2011"]
[BlackElo "2218"]
[PlyCount "152"]
[EventDate "2017.04.08"]
[EventType "swiss"]
[EventRounds "9"]
[EventCountry "ESP"]
[SourceTitle "Ajedrez en Madrid"]
[Source "lmi"]
[SourceDate "2017.04.08"]

1. g3 f5 2. Bg2 Nf6 3. c4 c6 4. Nc3 d5 5. d4 e6 6. Nf3 Bd6 7. O-O O-O 8. c5 Bc7
9. b4 b6 10. b5 Ne4 11. Qc2 Bd7 12. Ba3 Re8 13. bxc6 Nxc6 14. Nb5 bxc5 15. Nxc7
Qxc7 16. Bxc5 Nxd4 17. Nxd4 Qxc5 18. Qd3 Rec8 19. Rfc1 Qxc1+ 20. Rxc1 Rxc1+ 21.
Bf1 Rb8 22. Nb3 Nc5 23. Nxc5 Rxc5 24. Qa3 Rc7 25. Qd6 Rbb7 26. e3 Kf7 27. Kg2
Rc6 28. Qa3 Rc2 29. Qa6 Rbb2 30. Qxa7 Rxf2+ 31. Kg1 Ke7 32. a4 Rfc2 33. Qd4 Rb1
34. Qxg7+ Kd6 35. Qf8+ Kc7 36. a5 Bb5 37. Qe7+ Kb8 38. Qd8+ Rc8 39. Qb6+ Ka8
40. a6 Bd3 41. Qxe6 Rxf1+ 42. Kg2 Rc2+ 43. Kh3 Be4 44. Kh4 Rfc1 45. h3 Rc6 46.
Qg8+ Rc8 47. Qg7 R1c7 48. Qd4 Rc6 49. Qg7 Rxa6 50. Qd7 Rac6 51. Kg5 R8c7 52.
Qe8+ Kb7 53. Kf4 Rg7 54. Qf8 Rd7 55. Qb4+ Kc8 56. Qa5 Rb7 57. Qa8+ Kc7 58. Qe8
Kb6 59. Qf8 Kb5 60. Qe8 Kc5 61. Qf8+ Kc4 62. Qa3 Rb4 63. h4 Kb5 64. Ke5 Rc5 65.
Kf6 d4 66. exd4 Rxd4 67. Qb2+ Rb4 68. Qe2+ Kc6 69. Qa6+ Rb6 70. Qa3 f4 71. gxf4
Kb7+ 72. Ke7 Rc7+ 73. Kd8 Bc6 74. Qd6 Rd7+ 75. Qxd7+ Bxd7 76. Kxd7 Rf6 0-1

[Event "40. Open Ciudad de San Sebastián 2017"]
[Site "San Sebastián ESP"]
[Date "2017.04.12"]
[Round "6.9"]
[White "Vicente Ezeiza, Mikel"]
[Black "Perez Pacheco, Ricardo"]
[Result "0-1"]
[WhiteElo "1921"]
[BlackElo "2192"]
[PlyCount "72"]
[EventDate "2017.04.08"]
[EventType "swiss"]
[EventRounds "9"]
[EventCountry "ESP"]
[SourceTitle "Ajedrez en Madrid"]
[Source "lmi"]
[SourceDate "2017.04.08"]

1. e4 c5 2. g3 d5 3. exd5 Qxd5 4. Qf3 Nf6 5. Nc3 Qe5+ 6. Nge2 Nc6 7. Qf4 Qxf4
8. Nxf4 Nd4 9. Kd1 Bg4+ 10. Be2 Nxe2 11. Nfxe2 O-O-O 12. b3 e5 13. h3 Bf3 14.
Re1 Be7 15. Bb2 Nd5 16. Kc1 f6 17. Ng1 Nxc3 18. Nxf3 Nd5 19. d3 Rd7 20. Nd2 Bd8
21. Ne4 b6 22. Re2 Nb4 23. a3 Nc6 24. Nd2 Kb7 25. a4 a6 26. Bc3 b5 27. axb5
axb5 28. g4 h5 29. Ne4 Be7 30. Kd2 hxg4 31. hxg4 Rdd8 32. f3 Rh3 33. Ke3 Rdh8
34. Ree1 Rh2 35. Re2 Nd4 36. Bxd4 cxd4+ 0-1

[Event "40. Open Ciudad de San Sebastián 2017"]
[Site "San Sebastián ESP"]
[Date "2017.04.12"]
[Round "6.10"]
[White "Guillo Longares, Cecilia"]
[Black "Llano Olabarrieta, Joseba"]
[Result "1-0"]
[WhiteElo "1909"]
[BlackElo "2146"]
[PlyCount "43"]
[EventDate "2017.04.08"]
[EventType "swiss"]
[EventRounds "9"]
[EventCountry "ESP"]
[SourceTitle "Ajedrez en Madrid"]
[Source "lmi"]
[SourceDate "2017.04.08"]

1. d4 Nf6 2. c4 e6 3. Nc3 Bb4 4. Qc2 O-O 5. Bg5 d5 6. e3 Nbd7 7. Nf3 h6 8. Bh4
b6 9. cxd5 exd5 10. Bb5 Bb7 11. Bxd7 Qxd7 12. Bxf6 gxf6 13. g4 c5 14. Rg1 Rac8
15. g5 fxg5 16. Nxg5 hxg5 17. Rxg5+ Kh8 18. Rh5+ Kg7 19. Qh7+ Kf6 20. Qh6+ Ke7
21. Re5+ Qe6 22. Qg7 1-0

[Event "40. Open Ciudad de San Sebastián 2017"]
[Site "San Sebastián ESP"]
[Date "2017.04.12"]
[Round "6.11"]
[White "Troffiguer, Olivier"]
[Black "Lopez Mijail, Nicolas"]
[Result "0-1"]
[WhiteElo "2059"]
[BlackElo "1915"]
[PlyCount "82"]
[EventDate "2017.04.08"]
[EventType "swiss"]
[EventRounds "9"]
[EventCountry "ESP"]
[SourceTitle "Ajedrez en Madrid"]
[Source "lmi"]
[SourceDate "2017.04.08"]

1. b3 e5 2. Bb2 Nc6 3. e3 d5 4. Bb5 Bd6 5. Ne2 Nf6 6. c4 a6 7. cxd5 axb5 8.
dxc6 bxc6 9. d4 e4 10. Qc2 Bd7 11. Nd2 Qe7 12. Nc3 Bf5 13. Nxb5 O-O 14. Nxd6
Qxd6 15. Nc4 Qe6 16. O-O Nd5 17. a3 Qg6 18. Ne5 Qg5 19. Rae1 Rfe8 20. Qd2 Rab8
21. b4 f6 22. Nxc6 Rb6 23. Na5 Bg4 24. f4 exf3 25. Nc4 Rc6 26. Rc1 Re4 27. g3
Rce6 28. Rfe1 Bh3 29. Qf2 Nxe3 30. Nxe3 Rxe3 31. Rxe3 Rxe3 32. Re1 Rd3 33. Bc1
Qd5 34. Be3 Rxa3 35. Rc1 Qb3 36. Bd2 Qd3 37. Qe1 Qxd4+ 38. Qf2 Qd5 39. Rxc7
Ra1+ 40. Be1 Qe5 41. Re7 Qxe7 0-1

[Event "40. Open Ciudad de San Sebastián 2017"]
[Site "San Sebastián ESP"]
[Date "2017.04.12"]
[Round "6.12"]
[White "Iglesias Ojeda, Fernando"]
[Black "Gomez Calvo, Jose Ricardo"]
[Result "1-0"]
[WhiteElo "2047"]
[BlackElo "1890"]
[PlyCount "101"]
[EventDate "2017.04.08"]
[EventType "swiss"]
[EventRounds "9"]
[EventCountry "ESP"]
[SourceTitle "Ajedrez en Madrid"]
[Source "lmi"]
[SourceDate "2017.04.08"]

1. e4 b6 2. d4 Bb7 3. Nd2 e6 4. Ngf3 c5 5. Bd3 Nf6 6. O-O Be7 7. Qe2 O-O 8. e5
Ne8 9. dxc5 bxc5 10. Ne4 f5 11. exf6 Nxf6 12. Nfg5 h6 13. Nxf6+ Bxf6 14. Nh7
Nc6 15. Nxf8 Nd4 16. Qg4 Kxf8 17. c3 Nc6 18. Qe4 c4 19. Qxc4 d5 20. Qg4 Qe7 21.
Bb5 a5 22. Bxc6 Bxc6 23. Re1 e5 24. f4 e4 25. Be3 Bd7 26. Qd1 Qe6 27. Bd4 Bh4
28. f5 Qf7 29. g3 Be7 30. Rf1 Bb5 31. Rf2 Bd6 32. Qg4 Kg8 33. Qg6 Qxg6 34. fxg6
Re8 35. Re1 Re6 36. Rf5 Bc6 37. c4 dxc4 38. Bc5 Rxg6 39. Bxd6 Rxd6 40. Rc5 Re6
41. Rxc4 e3 42. Rc3 e2 43. Kf2 Bb5 44. Re3 Rf6+ 45. Rf3 Rc6 46. Rc3 Rd6 47. a4
Ba6 48. Rc5 Rf6+ 49. Ke3 Re6+ 50. Kd2 Rd6+ 51. Kc1 1-0

[Event "40. Open Ciudad de San Sebastián 2017"]
[Site "San Sebastián ESP"]
[Date "2017.04.13"]
[Round "7.1"]
[White "Panelo, Marcelo"]
[Black "Lopez Martinez, Josep Manuel"]
[Result "0-1"]
[WhiteElo "2373"]
[BlackElo "2583"]
[PlyCount "62"]
[EventDate "2017.04.08"]
[EventType "swiss"]
[EventRounds "9"]
[EventCountry "ESP"]
[SourceTitle "Ajedrez en Madrid"]
[Source "lmi"]
[SourceDate "2017.04.08"]

1. Nf3 e6 2. c4 d5 3. d4 a6 4. cxd5 exd5 5. Nc3 c6 6. Bf4 Bd6 7. Bg3 Ne7 8. e3
Bf5 9. Nh4 Bg6 10. Qb3 Ra7 11. Rc1 O-O 12. Nxg6 hxg6 13. Bd3 a5 14. O-O Bxg3
15. hxg3 Nd7 16. Na4 Nf5 17. Qc2 Qg5 18. Nc5 Nf6 19. Be2 Re8 20. Bf3 Nd6 21.
Nd3 Nfe4 22. Nc5 f5 23. Nxb7 Rxb7 24. Qxc6 Rbb8 25. Qxd5+ Kh7 26. b3 Rbd8 27.
Qxa5 Ra8 28. Qc7 Rec8 29. Qd7 Rxc1 30. Rxc1 Rxa2 31. Rf1 Rxf2 0-1

[Event "40. Open Ciudad de San Sebastián 2017"]
[Site "San Sebastián ESP"]
[Date "2017.04.13"]
[Round "7.2"]
[White "Stella, Andrea"]
[Black "Narciso Dublan, Marc"]
[Result "0-1"]
[WhiteElo "2500"]
[BlackElo "2508"]
[PlyCount "76"]
[EventDate "2017.04.08"]
[EventType "swiss"]
[EventRounds "9"]
[EventCountry "ESP"]
[SourceTitle "Ajedrez en Madrid"]
[Source "lmi"]
[SourceDate "2017.04.08"]

1. Nf3 d6 2. d4 Bg4 3. c4 Bxf3 4. exf3 g6 5. Nc3 Bg7 6. Be3 c6 7. Qd2 e6 8. Be2
d5 9. cxd5 cxd5 10. g4 Nc6 11. f4 Nge7 12. O-O-O Qa5 13. Kb1 f5 14. g5 h5 15.
Rhe1 Kf7 16. Bf3 Rhe8 17. Qe2 Nc8 18. Qc2 Nd6 19. Qb3 Kg8 20. Be2 a6 21. Bf1
Rac8 22. f3 b5 23. Bf2 Nc4 24. Ne2 Nd2+ 25. Rxd2 Qxd2 26. Rd1 Qa5 27. Nc1 Qc7
28. Be3 Bxd4 29. Re1 Na5 30. Qd1 Bxe3 31. Rxe3 Qxf4 32. Qe1 Qxh2 33. Bd3 Nc4
34. Bxc4 Rxc4 35. Nd3 Qc2+ 36. Ka1 Rec8 37. a3 Qxd3 38. Ka2 Rc1 0-1

[Event "40. Open Ciudad de San Sebastián 2017"]
[Site "San Sebastián ESP"]
[Date "2017.04.13"]
[Round "7.3"]
[White "Ladron De Guevara Galar, Fco J"]
[Black "Garcia-Castany Musellas, Gal.L"]
[Result "1/2-1/2"]
[WhiteElo "2153"]
[BlackElo "2195"]
[PlyCount "68"]
[EventDate "2017.04.08"]
[EventType "swiss"]
[EventRounds "9"]
[EventCountry "ESP"]
[SourceTitle "Ajedrez en Madrid"]
[Source "lmi"]
[SourceDate "2017.04.08"]

1. d4 Nf6 2. c4 e6 3. Nc3 Bb4 4. f3 Nc6 5. Bg5 d5 6. e3 O-O 7. Qc2 Be7 8. Nh3
dxc4 9. Bxf6 Bxf6 10. Bxc4 Nb4 11. Qb3 c5 12. O-O-O Qa5 13. a3 Nc6 14. Ne4 cxd4
15. Nxf6+ gxf6 16. exd4 Qc7 17. Qc2 Na5 18. Bd3 Qxc2+ 19. Bxc2 Bd7 20. Nf4 Rac8
21. Kb1 Rxc2 22. Kxc2 Ba4+ 23. Kb1 Bxd1 24. Rxd1 Kg7 25. Rc1 Nc6 26. d5 exd5
27. Nxd5 Rd8 28. Rd1 Ne5 29. Nc3 Re8 30. Ne4 Re7 31. Rd6 Nc4 32. Rd3 Ne5 33.
Rd6 Nc4 34. Rd3 Ne5 1/2-1/2

[Event "40. Open Ciudad de San Sebastián 2017"]
[Site "San Sebastián ESP"]
[Date "2017.04.13"]
[Round "7.4"]
[White "Perez Pacheco, Ricardo"]
[Black "Urriza Iricibar, Pablo"]
[Result "1/2-1/2"]
[WhiteElo "2192"]
[BlackElo "2228"]
[PlyCount "57"]
[EventDate "2017.04.08"]
[EventType "swiss"]
[EventRounds "9"]
[EventCountry "ESP"]
[SourceTitle "Ajedrez en Madrid"]
[Source "lmi"]
[SourceDate "2017.04.08"]

1. e4 e6 2. d4 d5 3. Nd2 Nc6 4. Ngf3 Nf6 5. e5 Nd7 6. Nb3 a5 7. a4 Be7 8. Bb5
Na7 9. Bd3 b6 10. O-O c5 11. c4 Bb7 12. Bf4 O-O 13. Rc1 Rc8 14. Re1 Bc6 15.
Nbd2 cxd4 16. Nxd4 Nc5 17. Bc2 dxc4 18. Nxc6 Nxc6 19. Nxc4 Nb4 20. Nd6 Bxd6 21.
exd6 Nxc2 22. Qxc2 Qd7 23. Qd1 Rfd8 24. b3 f6 25. Re2 e5 26. Be3 Qxd6 27. Rd2
Qe7 28. Bxc5 bxc5 29. Rxc5 1/2-1/2

[Event "40. Open Ciudad de San Sebastián 2017"]
[Site "San Sebastián ESP"]
[Date "2017.04.13"]
[Round "7.5"]
[White "Prieto Aranguren, Alain"]
[Black "Iglesias Ojeda, Fernando"]
[Result "1-0"]
[WhiteElo "2224"]
[BlackElo "2047"]
[PlyCount "70"]
[EventDate "2017.04.08"]
[EventType "swiss"]
[EventRounds "9"]
[EventCountry "ESP"]
[SourceTitle "Ajedrez en Madrid"]
[Source "lmi"]
[SourceDate "2017.04.08"]

1. d4 d6 2. Nf3 f5 3. g3 g6 4. Bg2 Bg7 5. O-O Nf6 6. c4 c6 7. Nc3 O-O 8. d5 c5
9. e4 fxe4 10. Ng5 h6 11. Ngxe4 Nbd7 12. Qe2 Ne5 13. h3 Bd7 14. Nxc5 Rc8 15.
Nxd7 Nfxd7 16. Be4 Qe8 17. b3 Nxc4 18. bxc4 Bxc3 19. Rb1 Bg7 20. Rxb7 Ne5 21.
Rxa7 Rxc4 22. Bf4 Rc3 23. Bxe5 Bxe5 24. Kg2 Qf7 25. Rb7 h5 26. Rb3 Kg7 27. Rxc3
Bxc3 28. Qd3 Qf6 29. Bxg6 h4 30. Be4 Be5 31. f4 Bd4 32. Qf3 hxg3 33. Qg4+ Kh6
34. Qg5+ Qxg5 35. fxg5+ Kg7 1-0

[Event "40. Open Ciudad de San Sebastián 2017"]
[Site "San Sebastián ESP"]
[Date "2017.04.13"]
[Round "7.6"]
[White "Guijarro Galan, Jose Luis"]
[Black "Guillo Longares, Cecilia"]
[Result "1-0"]
[WhiteElo "2218"]
[BlackElo "1909"]
[PlyCount "65"]
[EventDate "2017.04.08"]
[EventType "swiss"]
[EventRounds "9"]
[EventCountry "ESP"]
[SourceTitle "Ajedrez en Madrid"]
[Source "lmi"]
[SourceDate "2017.04.08"]

1. e4 c5 2. Nf3 g6 3. c3 Bg7 4. d4 cxd4 5. cxd4 d5 6. e5 a6 7. Nc3 Nc6 8. h3 f6
9. Bf4 e6 10. Qd2 fxe5 11. Nxe5 Nge7 12. Bh6 Bxh6 13. Qxh6 Nf5 14. Nxc6 bxc6
15. Qd2 O-O 16. O-O-O Rb8 17. h4 Rb4 18. Ne2 Rc4+ 19. Kb1 Qf6 20. b3 Nd6 21.
Ng3 Qxf2 22. Qxf2 Rxf2 23. bxc4 dxc4 24. Rc1 Nb5 25. Bxc4 Na3+ 26. Ka1 Rxg2 27.
Ne4 Nc2+ 28. Kb2 Nxd4+ 29. Kc3 Ne2+ 30. Bxe2 Rxe2 31. Nc5 Rxa2 32. Rcd1 Kf7 33.
Rd8 1-0

[Event "40. Open Ciudad de San Sebastián 2017"]
[Site "San Sebastián ESP"]
[Date "2017.04.13"]
[Round "7.7"]
[White "Lopez Mijail, Nicolas"]
[Black "Munoz Avila, Jose Luis"]
[Result "0-1"]
[WhiteElo "1915"]
[BlackElo "2100"]
[PlyCount "138"]
[EventDate "2017.04.08"]
[EventType "swiss"]
[EventRounds "9"]
[EventCountry "ESP"]
[SourceTitle "Ajedrez en Madrid"]
[Source "lmi"]
[SourceDate "2017.04.08"]

1. e4 e5 2. Nf3 d6 3. d4 exd4 4. Nxd4 Nf6 5. Nc3 Be7 6. Bc4 O-O 7. O-O c6 8.
Bb3 Re8 9. a4 Na6 10. Re1 Nc5 11. Ba2 a5 12. h3 Qb6 13. Qf3 Nxa4 14. Nxa4 Qxd4
15. c3 Qa7 16. Be3 c5 17. c4 Bd7 18. Nc3 Bc6 19. Nd5 Bxd5 20. exd5 Qb6 21. Re2
Bf8 22. Rae1 Re5 23. Qg3 Rae8 24. f4 R5e7 25. Qf3 g6 26. f5 Bg7 27. fxg6 hxg6
28. Kh2 Re5 29. Bf4 Rxe2 30. Rxe2 Rxe2 31. Qxe2 Qd8 32. Bb1 b6 33. Bc2 Qe8 34.
Qxe8+ Nxe8 35. Ba4 Kf8 36. b3 Be5 37. g3 Bxf4 38. gxf4 Ng7 39. Bd7 Ke7 40. Bg4
Kf6 41. Kg3 Ne8 42. Bd7 Nc7 43. Kf2 Na6 44. Ke3 Nb4 45. Kd2 Kg7 46. Bc8 f5 47.
Bd7 Kf6 48. h4 Na6 49. Ke3 Nc7 50. Ke2 Ke7 51. Bc6 Ne8 52. Bxe8 Kxe8 53. Kd3
Kd7 54. Kc2 Kc7 55. Kb2 b5 56. Ka3 Kb6 57. Kb2 b4 58. Kc2 Kc7 59. Kd3 Kd7 60.
Ke3 Ke7 61. Kf3 Kf6 62. Ke2 Kg7 63. Ke3 Kh6 64. Kf3 Kh5 65. Kg3 a4 66. bxa4 b3
67. a5 b2 68. a6 b1=Q 69. a7 Qa1 0-1

[Event "40. Open Ciudad de San Sebastián 2017"]
[Site "San Sebastián ESP"]
[Date "2017.04.13"]
[Round "7.8"]
[White "Gascon Del Nogal, Jose Rafael"]
[Black "Lakunza Oyarbide, Juan Carlos"]
[Result "1-0"]
[WhiteElo "2489"]
[BlackElo "2063"]
[PlyCount "147"]
[EventDate "2017.04.08"]
[EventType "swiss"]
[EventRounds "9"]
[EventCountry "ESP"]
[SourceTitle "Ajedrez en Madrid"]
[Source "lmi"]
[SourceDate "2017.04.08"]

1. e4 e5 2. Nf3 Nc6 3. Bb5 a6 4. Ba4 Nf6 5. O-O Be7 6. Re1 b5 7. Bb3 d6 8. c3
O-O 9. h3 Nb8 10. d4 Nbd7 11. Nbd2 Bb7 12. Bc2 Re8 13. Nf1 Bf8 14. Ng3 g6 15.
a4 Bg7 16. Bd3 c6 17. Bg5 h6 18. Be3 d5 19. dxe5 Nxe4 20. Bxe4 dxe4 21. Nxe4
Nxe5 22. Nxe5 Rxe5 23. Qxd8+ Rxd8 24. Bd4 Re6 25. Bxg7 Kxg7 26. Nc5 Rxe1+ 27.
Rxe1 Bc8 28. a5 Kf8 29. b4 Rd2 30. g3 Rc2 31. Re3 Rd2 32. Kg2 Rd6 33. Re2 f6
34. h4 Kf7 35. Kf3 h5 36. Rc2 Rd5 37. Ke2 Ke7 38. f3 Re5+ 39. Kd2 Kd6 40. Rc1
Rd5+ 41. Ke3 Re5+ 42. Kf2 Rd5 43. Rc2 Ke7 44. Re2+ Kf7 45. Ke1 Kf8 46. Rd2 Re5+
47. Kf2 Ke7 48. f4 Rf5 49. Ke3 Rd5 50. Rxd5 cxd5 51. f5 g5 52. g4 gxh4 53. gxh5
Kf7 54. Kf4 h3 55. Kg3 Kg7 56. Ne6+ Kh6 57. Kxh3 Kxh5 58. Kg3 Bd7 59. Kf4 Bxe6
60. fxe6 Kg6 61. Ke3 f5 62. Kd4 f4 63. Kxd5 f3 64. Kd6 f2 65. e7 f1=Q 66. e8=Q+
Kg5 67. Qe5+ Kg4 68. Qd4+ Kf5 69. Kc6 Kg5 70. Kb6 Qf3 71. Qc5+ Kg4 72. Kxa6
Qa8+ 73. Kxb5 Kf4 74. a6 1-0

[Event "40. Open Ciudad de San Sebastián 2017"]
[Site "San Sebastián ESP"]
[Date "2017.04.13"]
[Round "7.9"]
[White "Del Rey, Diego"]
[Black "Moreno Estebanez, Patxi"]
[Result "1-0"]
[WhiteElo "2356"]
[BlackElo "2028"]
[PlyCount "115"]
[EventDate "2017.04.08"]
[EventType "swiss"]
[EventRounds "9"]
[EventCountry "ESP"]
[SourceTitle "Ajedrez en Madrid"]
[Source "lmi"]
[SourceDate "2017.04.08"]

1. d4 Nf6 2. c4 g6 3. Nc3 Bg7 4. e4 d6 5. Nge2 O-O 6. Ng3 c5 7. d5 e6 8. Be2
exd5 9. cxd5 Re8 10. O-O a6 11. a4 Nbd7 12. Bg5 h6 13. Be3 h5 14. f3 Ne5 15. h3
h4 16. Nh1 Nh7 17. Nf2 f5 18. Qd2 b6 19. Rab1 Qf6 20. f4 Nf7 21. Bf3 Ra7 22.
Rfe1 Rae7 23. a5 b5 24. e5 dxe5 25. Bxc5 Nd6 26. fxe5 Rxe5 27. Rxe5 Qxe5 28.
Nd3 Qf6 29. Re1 Rxe1+ 30. Qxe1 Ng5 31. Qe2 Bd7 32. Nb4 Nc4 33. d6 Nxd6 34. Bd5+
Kh7 35. Bf2 Nge4 36. Nxe4 Nxe4 37. Bxe4 fxe4 38. Qxe4 Bf5 39. Qf4 g5 40. Qf3
Bg6 41. Qxf6 Bxf6 42. Nxa6 Bxb2 43. Nc5 Ba3 44. Ne6 Be7 45. a6 b4 46. Bc5 b3
47. a7 Be4 48. Bd4 Kg6 49. Kf2 Bf6 50. Bxf6 Kxf6 51. Nc5 Bd5 52. Nxb3 Ke7 53.
Nd4 Kf6 54. Nb5 Kf5 55. Nc7 Bc6 56. a8=Q Bxa8 57. Nxa8 g4 58. Nb6 1-0

[Event "40. Open Ciudad de San Sebastián 2017"]
[Site "San Sebastián ESP"]
[Date "2017.04.13"]
[Round "7.10"]
[White "Vinal Gutierrez, Pedro"]
[Black "Becerra, Juan David"]
[Result "0-1"]
[WhiteElo "2007"]
[BlackElo "2341"]
[PlyCount "86"]
[EventDate "2017.04.08"]
[EventType "swiss"]
[EventRounds "9"]
[EventCountry "ESP"]
[SourceTitle "Ajedrez en Madrid"]
[Source "lmi"]
[SourceDate "2017.04.08"]

1. e4 c5 2. Nc3 g6 3. f4 Bg7 4. Nf3 Nc6 5. Bb5 Nd4 6. Bc4 e6 7. d3 Ne7 8. Nxd4
cxd4 9. Ne2 O-O 10. O-O d5 11. Bb3 a5 12. a3 Bd7 13. e5 Nc6 14. Bd2 f6 15. exf6
Qxf6 16. Qe1 a4 17. Ba2 Kh8 18. Qg3 Ne7 19. Bb4 Rfc8 20. c3 Nf5 21. Qf3 dxc3
22. bxc3 Bc6 23. d4 Bb5 24. g4 Ne7 25. Rac1 Nc6 26. Bc5 Bf8 27. Bxf8 Qxf8 28.
c4 dxc4 29. Bxc4 Nxd4 30. Nxd4 Bxc4 31. Rfd1 e5 32. fxe5 Qxf3 33. Nxf3 Be2 34.
Kf2 Bxd1 35. Rxd1 Rc2+ 36. Ke3 Rc3+ 37. Ke4 Rxa3 38. Rd7 Rxf3 39. Kxf3 a3 40.
e6 a2 41. e7 a1=Q 42. Rd8+ Kg7 43. e8=Q Qf6+ 0-1

[Event "40. Open Ciudad de San Sebastián 2017"]
[Site "San Sebastián ESP"]
[Date "2017.04.13"]
[Round "7.11"]
[White "Laliena Solanes, Luis"]
[Black "Arana Garate, Jon"]
[Result "1-0"]
[WhiteElo "2179"]
[BlackElo "1920"]
[PlyCount "49"]
[EventDate "2017.04.08"]
[EventType "swiss"]
[EventRounds "9"]
[EventCountry "ESP"]
[SourceTitle "Ajedrez en Madrid"]
[Source "lmi"]
[SourceDate "2017.04.08"]

1. e4 d6 2. d4 Nf6 3. Nc3 g6 4. Bg5 Bg7 5. Qd2 h6 6. Bf4 c6 7. Nf3 Nbd7 8. h3
Qa5 9. Be2 b5 10. e5 b4 11. exf6 bxc3 12. fxg7 cxd2+ 13. Bxd2 Qxd2+ 14. Nxd2
Rg8 15. Bf3 Rb8 16. O-O-O c5 17. Rhe1 Bb7 18. Bxb7 Rxb7 19. Ne4 Rb6 20. dxc5
dxc5 21. Nd6+ Rxd6 22. Rxd6 f6 23. Ra6 Kf7 24. Rxa7 Ke8 25. Ra8+ 1-0

[Event "40. Open Ciudad de San Sebastián 2017"]
[Site "San Sebastián ESP"]
[Date "2017.04.13"]
[Round "7.12"]
[White "Garcia Martinez, Marcos"]
[Black "Segura Del Frago, Imanol"]
[Result "1-0"]
[WhiteElo "2168"]
[BlackElo "1956"]
[PlyCount "101"]
[EventDate "2017.04.08"]
[EventType "swiss"]
[EventRounds "9"]
[EventCountry "ESP"]
[SourceTitle "Ajedrez en Madrid"]
[Source "lmi"]
[SourceDate "2017.04.08"]

1. d4 Nf6 2. g3 c5 3. Bg2 cxd4 4. Nf3 e5 5. O-O Nc6 6. c3 dxc3 7. Nxc3 Bb4 8.
Bg5 Bxc3 9. bxc3 h6 10. Be3 O-O 11. c4 d5 12. cxd5 Qxd5 13. Qb1 Qa5 14. Rc1 Re8
15. Qb2 Qa6 16. Rc3 Na5 17. Nxe5 Be6 18. Ra3 Bd5 19. Bxd5 Nxd5 20. Qd2 Nc4 21.
Nxc4 Qxc4 22. Rc1 Qe4 23. f3 Qe6 24. Bf2 a6 25. Rd3 Nf6 26. e4 Rac8 27. Rb1 Rc7
28. Rd6 Qc4 29. Rb4 Qc3 30. Kg2 Qxd2 31. Rxd2 Rec8 32. a4 Rc4 33. Rxc4 Rxc4 34.
a5 Rc7 35. Rd8+ Kh7 36. Bd4 Kg6 37. g4 Nd7 38. Kg3 f6 39. Be3 Ne5 40. Bf4 Rc5
41. Bxe5 Rxe5 42. Rd5 Kf7 43. Rxe5 fxe5 44. f4 exf4+ 45. Kxf4 Kf6 46. e5+ Ke6
47. h4 g6 48. Ke4 Ke7 49. Kd5 Kd7 50. e6+ Kd8 51. Kd6 1-0

[Event "40. Open Ciudad de San Sebastián 2017"]
[Site "San Sebastián ESP"]
[Date "2017.04.14"]
[Round "8.1"]
[White "Lopez Martinez, Josep Manuel"]
[Black "Narciso Dublan, Marc"]
[Result "1/2-1/2"]
[WhiteElo "2583"]
[BlackElo "2508"]
[PlyCount "79"]
[EventDate "2017.04.08"]
[EventType "swiss"]
[EventRounds "9"]
[EventCountry "ESP"]
[SourceTitle "Ajedrez en Madrid"]
[Source "lmi"]
[SourceDate "2017.04.08"]

1. d4 f5 2. Nc3 Nf6 3. Bg5 d5 4. Bxf6 exf6 5. e3 Be6 6. Bd3 Nc6 7. a3 Qd7 8.
Nge2 Ne7 9. b3 g6 10. Na4 b6 11. c4 c6 12. Nac3 Bh6 13. O-O O-O 14. Qc2 Qd6 15.
g3 Rac8 16. Rfd1 Rfd8 17. Na4 dxc4 18. bxc4 c5 19. dxc5 bxc5 20. Nac3 Qc7 21.
Rab1 Rd7 22. Qa4 Rcd8 23. Bc2 Nc6 24. Nd5 Bxd5 25. cxd5 Ne5 26. Nc3 c4 27. Qa6
Rd6 28. Qa4 a6 29. Kg2 Kf7 30. Rb4 Rb8 31. h3 Rxb4 32. axb4 Qb7 33. f4 Nd7 34.
Rd4 Bf8 35. Kf2 Rb6 36. Rxc4 Rxb4 37. Rxb4 Bxb4 38. Qc6 Qxc6 39. dxc6 Bxc3 40.
cxd7 1/2-1/2

[Event "40. Open Ciudad de San Sebastián 2017"]
[Site "San Sebastián ESP"]
[Date "2017.04.14"]
[Round "8.2"]
[White "Guijarro Galan, Jose Luis"]
[Black "Stella, Andrea"]
[Result "0-1"]
[WhiteElo "2218"]
[BlackElo "2500"]
[PlyCount "66"]
[EventDate "2017.04.08"]
[EventType "swiss"]
[EventRounds "9"]
[EventCountry "ESP"]
[SourceTitle "Ajedrez en Madrid"]
[Source "lmi"]
[SourceDate "2017.04.08"]

1. e4 e6 2. d4 d5 3. exd5 exd5 4. Bd3 Nc6 5. c3 Bd6 6. Ne2 Qf6 7. Ng3 g6 8. Nd2
Nge7 9. Nf3 h6 10. Be3 Bg4 11. Be2 Nf5 12. Nxf5 Bxf5 13. Qd2 g5 14. O-O O-O-O
15. a4 Rdg8 16. b4 Be4 17. Ne1 g4 18. a5 h5 19. b5 Nd8 20. Bd3 Ne6 21. Bxe4
dxe4 22. c4 h4 23. b6 a6 24. Rc1 Ng5 25. Bxg5 Rxg5 26. Nc2 Bf4 27. Ne3 g3 28.
fxg3 hxg3 29. h3 Rxa5 30. bxc7 Ra2 31. Qc3 Qh6 32. Rce1 Bxe3+ 33. Qxe3 Rxg2+
0-1

[Event "40. Open Ciudad de San Sebastián 2017"]
[Site "San Sebastián ESP"]
[Date "2017.04.14"]
[Round "8.3"]
[White "Munoz Avila, Jose Luis"]
[Black "Panelo, Marcelo"]
[Result "0-1"]
[WhiteElo "2100"]
[BlackElo "2373"]
[PlyCount "90"]
[EventDate "2017.04.08"]
[EventType "swiss"]
[EventRounds "9"]
[EventCountry "ESP"]
[SourceTitle "Ajedrez en Madrid"]
[Source "lmi"]
[SourceDate "2017.04.08"]

1. Nf3 Nf6 2. c4 c6 3. d4 g6 4. Nc3 Bg7 5. e4 O-O 6. Bd3 d6 7. h3 Nbd7 8. O-O
e5 9. d5 c5 10. Be3 Nh5 11. Kh2 Nf4 12. Bc2 a6 13. b3 f5 14. Rc1 fxe4 15. Nxe4
Nf6 16. Nfd2 N6h5 17. Ng3 Nf6 18. Nf3 Bd7 19. Bxf4 exf4 20. Ne4 Nxe4 21. Bxe4
b5 22. Bd3 b4 23. Rc2 a5 24. Re2 Bc3 25. Bc2 Qf6 26. Be4 a4 27. Qd3 Kg7 28. g4
axb3 29. axb3 Ra3 30. Qc2 Re8 31. Rg1 Rea8 32. Bd3 Re8 33. Be4 Re7 34. h4 Ra8
35. h5 Rae8 36. Bd3 Rxe2 37. Bxe2 Kh8 38. hxg6 hxg6 39. Bd3 Kg7 40. g5 Rh8+ 41.
Kg2 Bh3+ 42. Kh1 Qe7 43. Nh2 f3 44. Nxf3 Be5 45. Nxe5 Bf1# 0-1